Ч. 56, вып. 1-2; Записки Российского Минералогического Общества

Bibliografiske detaljer
Parent link:Записки Российского Минералогического Общества: Вторая серия/ Российское Минералогическое Общество. Ч. 56, вып. 1-2.— , 1923-1932.— 0869-6055
Sprog:russisk
Udgivet: 1927
Format: MixedMaterials Bog
KOHA link:https://koha.lib.tpu.ru/cgi-bin/koha/opac-detail.pl?biblionumber=418810

MARC

LEADER 00000nam2a2200000 4500
001 418810
005 20231101073115.0
035 |a (RuTPU)RU\TPU\prd\76044 
035 |a RU\TPU\prd\76039 
090 |a 418810 
100 |a 20100205a18301932k y0rusy50 ca 
101 0 |a rus 
102 |a RU 
200 0 |a Ч. 56, вып. 1-2 
210 |d 1927 
461 1 |0 (RuTPU)RU\TPU\prd\2701  |x 0869-6055  |t Записки Российского Минералогического Общества  |o Вторая серия  |f Российское Минералогическое Общество  |v Ч. 56, вып. 1-2  |d 1923-1932 
801 0 |a RU  |b 63413507  |c 20010227  |g PSBO 
801 1 |a RU  |b 63413507  |c 20020918  |g PSBO 
801 2 |a RU  |b 63413507  |c 20100401  |g RCR 
942 |c BK 
999 |a НТБ_ТПУ  |b НФ  |e -8/20100113  |p П-771  |u 0,00  |v 1